Statistics for States with the Most College Football Teams

Click here to take the quiz!

General Stats

  • This quiz has been taken 1,108 times
  • The average score is 7 of 10

Answer Stats

# of teamsAnswer% Correct
11California
98%
20Texas
98%
11Florida
95%
10Ohio
82%
11New York
75%
14North Carolina
72%
11Pennsylvania
58%
10Tennessee
57%
10Virginia
55%
11Louisiana
50%

Score Distribution

Percentile by Number Answered

Percent of People with Each Score

Your Score History

You have not taken this quiz